70 verbes les plus utilisés en Français - Statistiques

Statistiques générales
  • Ce quiz a été pris 1 075 fois
  • Le résultat moyen est 27 sur 70
Statistiques - réponses
Hint Réponse % Correct
1 Etre
97%
2 Avoir
96%
56 Manger
94%
3 Faire
85%
6 Aller
81%
57 Boire
75%
17 Parler
73%
7 Voir
72%
16 Prendre
69%
5 Dire
67%
58 Dormir
67%
55 Lire
64%
4 Pouvoir
61%
44 Ecrire
59%
8 Savoir
58%
59 Courir
57%
18 Aimer
55%
53 Jouer
55%
28 Regarder
55%
9 Vouloir
54%
61 Ecouter
51%
15 Donner
50%
10 Venir
50%
27 Entendre
48%
20 Mettre
46%
60 Acheter
45%
12 Devoir
45%
34 Sentir
45%
26 Penser
42%
14 Trouver
41%
68 Vendre
41%
22 Tenir
37%
36 Vivre
36%
13 Croire
35%
38 Sortir
35%
45 Appeler
34%
49 Monter
31%
21 Demander
29%
41 Entrer
29%
37 Chercher
28%
11 Falloir
28%
39 Comprendre
27%
40 Porter
27%
48 Commencer
26%
51 Perdre
25%
31 Connaitre
24%
35 Attendre
23%
52 Attendre
23%
29 Repondre
22%
33 Arriver
21%
42 Devenir
21%
24 Laisser
21%
19 Passer
21%
54 Payer
21%
67 Voler
21%
30 Rendre
20%
65 Oublier
18%
46 Tomber
17%
25 Rester
16%
43 Revenir
16%
69 Montrer
15%
63 Casser
14%
70 Envoyer
14%
32 Paraitre
14%
50 Suivre
14%
23 Sembler
13%
47 Reprendre
9%
62 Offrir
8%
64 Saigner
5%
66 Pardonner
4%
Aucun quiz correspondant
Distribution des résultats
% des personnes avec chaque résultat
Percentile par nombre de réponses
Votre historique - résultats
Vous n’avez pas pris ce quiz